<?xml version="1.0" encoding="UTF-8"?><?xml-stylesheet type="text/xsl" href="static/style.xsl"?><OAI-PMH xmlns="http://www.openarchives.org/OAI/2.0/" xmlns:xsi="http://www.w3.org/2001/XMLSchema-instance" xsi:schemaLocation="http://www.openarchives.org/OAI/2.0/ http://www.openarchives.org/OAI/2.0/OAI-PMH.xsd"><responseDate>2026-06-01T23:29:42Z</responseDate><request verb="GetRecord" identifier="oai:riuma.uma.es:10630/16479" metadataPrefix="marc">https://riuma.uma.es/rest/oai/request</request><GetRecord><record><header><identifier>oai:riuma.uma.es:10630/16479</identifier><datestamp>2026-02-03T12:19:50Z</datestamp><setSpec>com_10630_2254</setSpec><setSpec>col_10630_37959</setSpec></header><metadata><record xmlns="http://www.loc.gov/MARC21/slim" xmlns:dcterms="http://purl.org/dc/terms/" xmlns:doc="http://www.lyncode.com/xoai" xmlns:xsi="http://www.w3.org/2001/XMLSchema-instance" xsi:schemaLocation="http://www.loc.gov/MARC21/slim http://www.loc.gov/standards/marcxml/schema/MARC21slim.xsd">
   <leader>00925njm 22002777a 4500</leader>
   <datafield ind2=" " ind1=" " tag="042">
      <subfield code="a">dc</subfield>
   </datafield>
   <datafield ind2=" " ind1=" " tag="720">
      <subfield code="a">Martínez-Enamorado, Virgilio</subfield>
      <subfield code="e">author</subfield>
   </datafield>
   <datafield ind2=" " ind1=" " tag="260">
      <subfield code="c">2018-09-17</subfield>
   </datafield>
   <datafield ind2=" " ind1=" " tag="520">
      <subfield code="a">Conferencia sobre Ibn Hafsun, el rebelde de Bobastro (Mesas de Villaverde, Ardales) en la época andalusí contra los Omeyas&#xd;
En este trabajo presentamos un estudio sobre uno de los personajes más controvertidos de la historia de al-Andalus,  ̓Umar ibn Ḥafṣūn, un rebelde que encabeza una insurrección contra la dinastía de  omeyas cordobeses a finales del siglo IX y principios del X. Se analiza su proyecto político y la sede de su poder emergente en la ciudad que él mismo construye de Bobastro (Mesas de Villaverde, Ardales, Málaga).</subfield>
   </datafield>
   <datafield ind1="8" ind2=" " tag="024">
      <subfield code="a">https://hdl.handle.net/10630/16479</subfield>
   </datafield>
   <datafield ind2="0" ind1="0" tag="245">
      <subfield code="a">Ibn Hafsun: un rebelde contra los Omeyas</subfield>
   </datafield>
</record>
</metadata></record></GetRecord></OAI-PMH>